000 00520nam a2200169Ia 4500
003 IN-BaIIA
008 211028s9999 xx 000 0 eng d
040 _cIIA Library
080 _a535.33
_bGOO
100 _aGood Man, N. R.
_95291
245 0 _aOn the joint estimation of spectra etc
_cN. R. Good Man
260 _aNew York
_bResearch Division College of Engineering
_c1957
300 _a168p.
650 _aNASA Thesaurus
650 _aSpectroscopy
_91535
942 _cBK
999 _c2969
_d2969